| 000 | 00711pam a2200265 a 4500 | ||
|---|---|---|---|
| 003 | data | ||
| 005 | 20260322212028.0 | ||
| 008 | data | ||
| 010 | _a2003048961 | ||
| 015 | _aGBA3-V9368 | ||
| 020 | _a0486432084 | ||
| 020 | _a9780486432083 | ||
| 040 |
_aDLC _cDLC _dODC _dUKM _dBAKER _dODC |
||
| 050 | 0 | 0 |
_aNC750 _b.D3 2004 |
| 092 | _a742 Dam 2004 | ||
| 100 | 1 | _aD'Amelio, Joseph. | |
| 245 | 1 | 0 |
_aPerspective drawing handbook / _cJoseph D'Amelio. |
| 250 | _aDover ed. | ||
| 260 |
_aMineola, N.Y. : _bDover Publications, _c2004. |
||
| 300 |
_a96 p. : _bill. ; _c28 cm. |
||
| 500 | _aOriginally published: New York : Tudor Pub. Co., 1964. | ||
| 650 | 0 | _aPerspective. | |
| 650 | 0 |
_aDrawing _xTechnique. |
|
| 001 | data | ||
| 999 |
_c650 _d650 |
||